00785 a2200181 45000010006000000050017000060080041000230030015000640400040000790800022001192450051001410200022001922640036002143000019002505050296002690410008005651000030005736036620260407155854.0260407a2014 arg spa dAR-UNSa-BCEJYS aAR-UNSa-BCEJYSbspacAR-UNSa-BCEJYS a657xContabilidad10aEl lenguaje contablepElementos introductorios a978-987-657-492-1 1aSanta Fe :bEdiciones UNLc2014 a185 p.c25 cm. a1. Esquema de los componentes del patrimonio - 2. Registración de las operaciones básicas: compras de bienes y servicios – 3. Ventas de bienes y servicios – 4. Movimiento de fondos – 5. El cierre de ejercicio y los informes contables – 6. Exposición de los estados contables -  aspa1 aDi Russo de Hauque, Leila